000 00385nam a22001577a 4500
999 _c2351
_d2351
008 200225b ||||| |||| 00| 0 eng d
082 0 0 _a623.88
_bK321
100 _91932
_aKemp
245 1 0 _aSeamanship notes /
_cby Kemp and Young
250 _a2nd ed.
260 _aLondon
_bStanford maritime
_c1971
300 _a99 p.
650 0 _aSeamanship
700 _91933
_aYoung
942 _cBK